000 00405nam a2200133Ia 4500
008 151001s9999||||xx |||||||||||||| ||und||
100 _aकुमुदिनी रांगणेकर
245 _aसरल्या श्रावणसरी
250 _a1
260 _bराजेंद्र प्रकाशन ठाणे
260 _c1989
300 _a342
365 _b18
999 _c968112
_d968109